000
00257nam a2200109Ia 4500
008
220204s9999 xx 000 0 und d
082
_a
82-3
_b
MCC
100
_a
McCarry, Charles
245
0
_a
Secret lovers
260
_a
London
_b
Hutchinson
_c
1977
942
_c
BK
999
_c
27990
_d
27990